LEADER 01096nam--2200373---450- 001 990006082870203316 005 20151006133820.0 010 $a978-88-430-6292-8 035 $a000608287 035 $aUSA01000608287 035 $a(ALEPH)000608287USA01 035 $a000608287 100 $a20141013d2015----km-y0itay50------ba 101 $aita 102 $aIT 105 $a||||||||001yy 200 1 $a<> TV invadente$eil reality del dolore da Vermicino ad Avetrana$fAnna Bisogno 210 $aRoma$cCarocci$d2015 215 $a111 p.$d24 cm 225 2 $aBiblioteca di testi e studi$v1020 410 0$12001$aBiblioteca di testi e studi$v1020 454 1$12001 600 1$aTelevisione$xSociologia$2BNCF 676 $a791.4560945 700 1$aBISOGNO,$bAnna$0320997 801 0$aIT$bsalbc$gISBD 912 $a990006082870203316 951 $aIV.1. 1600$b250289 L.M.$cIV.1.$d379057 959 $aBK 969 $aUMA 979 $aALESSANDRA$b90$c20151006$lUSA01$h1335 979 $aALESSANDRA$b90$c20151006$lUSA01$h1338 996 $aTV invadente$91382352 997 $aUNISA